Регионална библиотека "Любен Каравелов" - Русе

Реликвите на смъртните: Кн. 3 (Запис номер 127283)

MARC детайли
000 -Лидер
Контролно поле с фиксирана дължина 01679nam a2200385 c 4500
003 - Код на организацията, давaща контролен номер
Контролно поле BLK
005 - Дата и час на последна редакция
Контролно поле 20250219162914.0
008 - Елементи от данни с фиксирана дължина
fixed length control field 180409b bul|||||r ||||||| ||bul||
010 ## - Наследен системен номер
LC control number KNG00132985000
020 ## - Международен стандартен номер на книга ISBN
Международен стандартен номер на книга ISBN 978-954-9321-44-9
040 ## - Източник на каталожния запис
Идентификатор на билиотеката - собственик на записа BLK
041 ## - Код за език
Код за езика на текст/звукозапис или на отделно заглавие Български
Код за езика КДБФ Български
072 #7 - Код за тематичната категория
Код организация bullib
Код за тематична категория Н83
Текст Чужда художествена литература Н
080 ## - УДК
Текстов определител УДК Американска литература (на САЩ)
УДК код - определител по УДК 821.111(73)
УДК определител -312.9
УДК - код + определител 821.111(73)-312.9
100 1# - Редна дума - Автор
Автор Клеър, Касандра
Авторска отговорност първи автор
Автор - информация (биография) Румелт, Джудит
R(LIN) 303824
139 ## - Редно поле
Редна дума Клеър, Касандра
Авторски знак Кла - К 63
245 10 - Сведения за заглавието
Заглавие Реликвите на смъртните: Кн. 3
Подзаглавни данни Кн. 1 -
Редно поле (дума) Касандра Клеър; прев. от англ. Людмила Маринова Костова.
Том Кн. 3
Заглавие на том Град от стъкло
257 ## - Страна на издаване
Страна на създаване/издаване Съединени американски щати
260 ## - Област на издателските данни
Година на издаване 2010 -
Печатница София : Симолини
300 ## - Физическа характеристика
Размери/Мащаб 21 см
380 ## - Жанр
Жанр Худож. лит.
500 ## - Общи забележки
Забележка Ориг. загл. Mortal Instruments / Cassandra Clare. - Касандра Клеър - псевд. на Джудит Румелт.
653 ## - Ключова дума – ненормативна
Ключова дума фентъзи
653 ## - Ключова дума – ненормативна
Ключова дума романи
659 ## - Тематичен бюлетин
Тематичен бюлетин Н
700 ## - Други автори (авторска отговорност)
Лично име Костова, Людмила Маринова
9 (RLIN) 366797
760 1# - Описание на основната серия
Редна дума на основното описание Клеър, Касандра
Място на издаване, издател и година Ибис, 2010
Страници - том 480 с.
Забележка - том Ориг. загл. City of Glass.
Заглавие Кн. 3 Град от стъкло
852 ## - Местоположение
Форматна сигнатура Цб 256000
856 4# - Електронен адрес и достъп
Електронен формат pdf - файл
856 4# - Електронен адрес и достъп
Електронен формат pdf - файл
999 ## - СИСТЕМНИ КОНТРОЛНИ НОМЕРА
Koha biblionumber 127283
Koha biblioitemnumber 127283
942 ## - АРТИКУЛИ
Вид на библиотечния материал Книги
Скрит в OPAC Не
Koha issues (borrowed), all copies 28
Периодичен библиозапис Да
944 ## - СЪЗДАВАНЕ И РЕДАКЦИЯ на ЗАПИСА
Създаване/Редакция Създаване
Дата на регистрацията/редакция 20.08.2012
Статус, дата на статуса Цветелина Шанова
Служител, извършил регистрацията/редакцията 30531
944 ## - СЪЗДАВАНЕ И РЕДАКЦИЯ на ЗАПИСА
Създаване/Редакция Редакция
Дата на регистрацията/редакция 06.01.2017
Статус, дата на статуса ф /
Служител, извършил регистрацията/редакцията Виолета_Тройчева
999 ## - СИСТЕМНИ КОНТРОЛНИ НОМЕРА
Koha biblioitemnumber 127283
Наличности
Код за отписване Код за изгубен артикул Код за повреда Коз за рестрикции Код за отдаване Артикулен № Име на библиотеката - собственик Име на библиотеката, в която се намира в момента Статус (Текущо местоположение) Дата на вписване в системата Местоположение - отдел Цена в лева Инвентарен номер Систематично азбучна сигнатура Баркод Номер на екземпляра Цена в евро Служебна бележка Служебен тип на артикула Източник на класификационната схема
  Не е изгубен Не е повреден без рестрикции ползва се в читалня 207066 Регионална библиотека "Любен Каравелов" Русе Регионална библиотека "Любен Каравелов" Русе Хранилище 2012-08-20 Хранилище 15.90 120000759317 Цб 255600 120000759317 1 8.13 Дост: Dp Вид: Д N: 27 Дата: 04.07.2011 Книги  
  Не е изгубен Не е повреден без рестрикции заемане за дома 207067 Регионална библиотека "Любен Каравелов" Русе Регионална библиотека "Любен Каравелов" Русе Заемна - подръчен фонд 2014-10-13 Заемна - подръчен фонд 15.90 120000781705 П 820(73)-31/К 63 120000781705 2 8.13 Дост: Pk Вид: Ф N: 413 Дата: 10.10.2014 Дата инв: 13.02.2018 Бележки инв: П2018 Книги  
  Не е изгубен Не е повреден без рестрикции заемане за дома 207068 Регионална библиотека "Любен Каравелов" Русе Регионална библиотека "Любен Каравелов" Русе Детски отдел 2015-05-27 Детски отдел 15.90 120000788304 ДХ 820/899/К 63 120000788304 3 8.13 Дост: DA Вид: А N: 8 Дата: 27.05.2015 Дата инв: 21.08.2015 Бележки инв: Д2015 Книги Universal Decimal Classification
Vip Innovations Ltd, Rousse, Bulgaria 2025